<?xml version="1.0" encoding="UTF-8"?>
<marc:record xmlns:marc="http://www.loc.gov/MARC21/slim">
   <marc:leader>00000nam a2200000 a 4500</marc:leader>
   <marc:datafield ind1="1" ind2=" " tag="100">
      <marc:subfield code="a">Klise, Kate</marc:subfield>
      <marc:subfield code="4">aut</marc:subfield>
      <marc:subfield code="e">Verfasser/-in</marc:subfield>
   </marc:datafield>
   <marc:datafield ind1="0" ind2="0" tag="245">
      <marc:subfield code="a">Friedhofstraße 43</marc:subfield>
   </marc:datafield>
   <marc:datafield ind1="0" ind2="0" tag="245">
      <marc:subfield code="b">Band 1 ; Gespenster gibt es doch!</marc:subfield>
   </marc:datafield>
   <marc:datafield ind1="0" ind2="0" tag="245">
      <marc:subfield code="c">Kate Klise. Ill. von M. Sarah Klise. Aus dem Amerikan. von Nina Schindler</marc:subfield>
   </marc:datafield>
   <marc:datafield ind1=" " ind2="1" tag="264">
      <marc:subfield code="a">Hildesheim</marc:subfield>
      <marc:subfield code="b">Gerstenberg</marc:subfield>
      <marc:subfield code="c">2011</marc:subfield>
   </marc:datafield>
   <marc:datafield ind1="1" ind2=" " tag="520">
      <marc:subfield code="a">Eine ungewöhnliche Art, ein Buch zu schreiben. Das Kinderbuch:" Gespenster gibt es doch!" ist in Briefform geschrieben, d.h. alle Figuren schicken sich Mitteilungen und Zeichnungen per Post zu. Es entsteht ein toller, witziger und verrückter Roman in Briefform. Der berühmte Kinderbuchautor Ignaz B. Griesgram mietet für den Sommer ein Haus in der Friedhofstraße 43, um  dort endlich den 13. Band seiner Geisterbezwinger-Serie zu schreiben. Die Immobilienmaklerin Anita Billiger, schickt ihm eine Reihe von Häusern, die zur Miete angeboten werden. Aber vor dem Haus in der Friedhofstraße rät sie dem Buchautor ab. Aber wie es so ist, entscheidet sich Herr Griesgram genau für dieses Haus. Zu spät! In diesem Haus wohnt bereits jemand: ein elfjähriger Junge mit seiner Katze und ein Gespenst! Es heißt Olivia und ist 190 Jahre alt und quicklebendig. Und so nimmt es seinen Lauf, dass</marc:subfield>
   </marc:datafield>
   <marc:datafield ind1=" " ind2=" " tag="020">
      <marc:subfield code="a">9783836953214</marc:subfield>
      <marc:subfield code="9">9783836953214</marc:subfield>
   </marc:datafield>
   <marc:datafield ind1=" " ind2=" " tag="041">
      <marc:subfield code="a">ger</marc:subfield>
   </marc:datafield>
   <marc:datafield ind1=" " ind2=" " tag="500">
      <marc:subfield code="a">8-10 Jahre</marc:subfield>
   </marc:datafield>
   <marc:datafield ind1=" " ind2=" " tag="300">
      <marc:subfield code="a">151 S. : Ill.</marc:subfield>
   </marc:datafield>
</marc:record>
